<?xml version="1.0" encoding="UTF-8"?>
<record
    xmlns:xsi="http://www.w3.org/2001/XMLSchema-instance"
    xsi:schemaLocation="http://www.loc.gov/MARC21/slim http://www.loc.gov/standards/marcxml/schema/MARC21slim.xsd"
    xmlns="http://www.loc.gov/MARC21/slim">

  <leader>01037nam a2200265 i 4500</leader>
  <controlfield tag="001">186139</controlfield>
  <controlfield tag="003">SpMaBN</controlfield>
  <controlfield tag="005">20250801131246.0</controlfield>
  <controlfield tag="008">160912s2015    sp           |||| |dspa d</controlfield>
  <datafield tag="020" ind1=" " ind2=" ">
    <subfield code="a">978-84-943932-2-8</subfield>
  </datafield>
  <datafield tag="080" ind1=" " ind2=" ">
    <subfield code="a">32 Gramsci, Antonio</subfield>
  </datafield>
  <datafield tag="100" ind1="1" ind2=" ">
    <subfield code="a">Losurdo, Domenico (</subfield>
    <subfield code="d">1941-)</subfield>
    <subfield code="9">151913</subfield>
  </datafield>
  <datafield tag="245" ind1="1" ind2="0">
    <subfield code="a">Antonio Gramsci </subfield>
    <subfield code="b">: del liberalismo al comunismo cr&#xED;tico / </subfield>
    <subfield code="c">Domenico Losurdo ; traducci&#xF3;n del italiano de Juan Vivanco.</subfield>
  </datafield>
  <datafield tag="260" ind1=" " ind2=" ">
    <subfield code="a">Guadarrama, Madrid : </subfield>
    <subfield code="b">Ediciones del Oriente y del Mediterr&#xE1;neo,</subfield>
    <subfield code="c">2015.</subfield>
  </datafield>
  <datafield tag="300" ind1=" " ind2=" ">
    <subfield code="a">312 p. ; </subfield>
    <subfield code="c">21 x 12 cm.</subfield>
  </datafield>
  <datafield tag="490" ind1="1" ind2=" ">
    <subfield code="a">Disenso ; </subfield>
    <subfield code="v">6</subfield>
  </datafield>
  <datafield tag="504" ind1=" " ind2=" ">
    <subfield code="a">Referencias bibliogr&#xE1;ficas.</subfield>
  </datafield>
  <datafield tag="600" ind1="0" ind2="4">
    <subfield code="a">Gramsci, Antonio, </subfield>
    <subfield code="d">1891-1937- </subfield>
    <subfield code="x">Cr&#xED;tica e interpretaci&#xF3;n</subfield>
    <subfield code="9">59546</subfield>
  </datafield>
  <datafield tag="700" ind1="1" ind2=" ">
    <subfield code="a">Vivanco, Juan.</subfield>
    <subfield code="9">115540</subfield>
  </datafield>
  <datafield tag="830" ind1="0" ind2=" ">
    <subfield code="a">Disenso ; </subfield>
    <subfield code="v">6</subfield>
    <subfield code="9">225347</subfield>
  </datafield>
  <datafield tag="852" ind1=" " ind2=" ">
    <subfield code="a">ES-MaACL</subfield>
    <subfield code="j">A-13826 </subfield>
    <subfield code="9">193191</subfield>
    <subfield code="b">R.150004</subfield>
    <subfield code="c">DEPO1</subfield>
    <subfield code="g">Dedicaatoria aut&#xF3;grafa del editor</subfield>
    <subfield code="h">Donaci&#xF3;n: Fernando Garc&#xED;a Burillo</subfield>
  </datafield>
  <datafield tag="903" ind1=" " ind2=" ">
    <subfield code="9">54300</subfield>
    <subfield code="a">Garc&#xED;a Burillo, Fernando</subfield>
    <subfield code="e">dnr</subfield>
  </datafield>
  <datafield tag="942" ind1=" " ind2=" ">
    <subfield code="2">udc</subfield>
  </datafield>
  <datafield tag="999" ind1=" " ind2=" ">
    <subfield code="c">186139</subfield>
    <subfield code="d">186139</subfield>
  </datafield>
  <datafield tag="952" ind1=" " ind2=" ">
    <subfield code="0">0</subfield>
    <subfield code="1">0</subfield>
    <subfield code="2">udc</subfield>
    <subfield code="4">0</subfield>
    <subfield code="7">0</subfield>
    <subfield code="a">ATENEOM</subfield>
    <subfield code="b">ATENEOM</subfield>
    <subfield code="c">DEPO1</subfield>
    <subfield code="d">2016-09-12</subfield>
    <subfield code="e">DONACION</subfield>
    <subfield code="l">0</subfield>
    <subfield code="o">A-13826</subfield>
    <subfield code="p">1196246</subfield>
    <subfield code="r">2023-02-23 00:00:00</subfield>
    <subfield code="w">2023-02-23</subfield>
    <subfield code="y">MONOGRAFIA</subfield>
    <subfield code="z">Dedicatoria aut&#xF3;grafa del editor</subfield>
  </datafield>
</record>
